[Event "DVM U10 2023"]
[Site "Magdeburg GER"]
[Date "2023.12.28"]
[Round "5"]
[White "Döscher, Nayla"]
[Black "Glöckner, Jakob"]
[Result "1-0"]
[Termination "normal"]
[Board "19.2"]
[WhiteElo "1263"]
[BlackElo "865"]
[WhiteClock "00:29:15"]
[BlackClock "00:37:08"]
[WhiteTeam "SK Bremen-Nord"]
[BlackTeam "fuß brothers Jena"]
[PlyCount "69"]
[WhiteFideId "34625046"]
[EventCountry "GER"]
[EventRounds "7"]
[EventType "team-swiss"]
[EventDate "2023.12.27"]

1. e4 {[%clk 00:55:09]} e5 {[%clk 00:55:06]} {[%emt 00:00:04]} 2. Nc3 {[%clk
00:55:05]} {[%emt 00:00:08]} Nf6 {[%clk 00:55:01]} {[%emt 00:00:03]} 3. Nf3
{[%clk 00:55:08]} {[%emt 00:00:10]} Nc6 {[%clk 00:55:03]} {[%emt 00:00:04]} 4.
Bb5 {[%clk 00:55:02]} {[%emt 00:00:10]} a6 {[%clk 00:55:00]} {[%emt 00:00:08]}
5. Ba4 {[%clk 00:54:58]} {[%emt 00:00:08]} b5 {[%clk 00:54:41]} {[%emt
00:00:24]} 6. Bb3 {[%clk 00:54:57]} {[%emt 00:00:06]} Bb4 {[%clk 00:54:30]}
{[%emt 00:00:16]} 7. O-O {[%clk 00:54:39]} {[%emt 00:00:22]} O-O {[%clk
00:54:20]} {[%emt 00:00:16]} 8. d3 {[%clk 00:54:33]} {[%emt 00:00:11]} h6
{[%clk 00:54:21]} {[%emt 00:00:04]} 9. Be3 {[%clk 00:54:15]} {[%emt 00:00:21]}
d6 {[%clk 00:54:14]} {[%emt 00:00:14]} 10. h3 {[%clk 00:54:11]} {[%emt
00:00:08]} Be6 {[%clk 00:53:48]} {[%emt 00:00:31]} 11. Ne2 {[%clk 00:52:42]}
{[%emt 00:01:34]} d5 {[%clk 00:53:11]} {[%emt 00:00:42]} 12. Ng3 {[%clk
00:50:08]} {[%emt 00:02:38]} d4 {[%clk 00:52:48]} {[%emt 00:00:29]} 13. Bd2
{[%clk 00:49:38]} {[%emt 00:00:35]} a5 {[%clk 00:51:52]} {[%emt 00:01:01]} 14.
a4 {[%clk 00:48:50]} {[%emt 00:00:53]} bxa4 {[%emt 00:01:45]} 15. Bxa4 {[%emt
00:00:15]} Bxd2 {[%clk 00:49:16]} {[%emt 00:00:12]} 16. Bxc6 {[%clk 00:47:58]}
{[%emt 00:01:27]} Ra6 {[%clk 00:49:01]} {[%emt 00:00:20]} 17. Qxd2 {[%clk
00:47:32]} {[%emt 00:00:30]} Rxc6 {[%clk 00:48:44]} {[%emt 00:00:16]} 18. Nxe5
{[%clk 00:46:42]} {[%emt 00:01:01]} Rc5 {[%clk 00:48:15]} {[%emt 00:00:32]} 19.
Rxa5 {[%clk 00:45:35]} {[%emt 00:01:15]} Rxa5 {[%clk 00:47:31]} {[%emt
00:00:47]} 20. Qxa5 {[%clk 00:45:28]} {[%emt 00:00:13]} Qb8 {[%clk 00:46:00]}
{[%emt 00:01:36]} 21. Nf5 {[%clk 00:42:04]} {[%emt 00:03:29]} Bxf5 {[%clk
00:45:38]} {[%emt 00:00:25]} 22. exf5 {[%clk 00:41:46]} {[%emt 00:00:25]} Re8
{[%clk 00:44:01]} {[%emt 00:01:40]} 23. Rb1 {[%clk 00:39:12]} {[%emt 00:02:41]}
c5 {[%clk 00:43:50]} {[%emt 00:00:16]} 24. Nc6 {[%clk 00:36:50]} {[%emt
00:02:25]} Qd6 {[%clk 00:42:49]} {[%emt 00:01:07]} 25. Qb5 {[%clk 00:34:37]}
{[%emt 00:02:17]} Nd5 {[%clk 00:40:35]} {[%emt 00:02:21]} 26. b4 {[%clk
00:30:56]} {[%emt 00:03:46]} cxb4 {[%emt 00:00:30]} 27. Nxb4 {[%emt 00:00:27]}
Nxb4 {[%clk 00:39:16]} {[%emt 00:00:12]} 28. Qxe8+ {[%clk 00:30:54]} {[%emt
00:00:22]} Kh7 {[%clk 00:39:15]} {[%emt 00:00:06]} 29. Qxf7 {[%clk 00:30:28]}
{[%emt 00:00:31]} Nxc2 {[%clk 00:38:59]} {[%emt 00:00:21]} 30. Rb7 {[%clk
00:30:05]} {[%emt 00:00:28]} Qe5 {[%clk 00:38:32]} {[%emt 00:00:31]} 31. f6
{[%clk 00:29:25]} {[%emt 00:00:45]} Qe1+ {[%clk 00:38:26]} {[%emt 00:00:10]}
32. Kh2 {[%clk 00:29:20]} {[%emt 00:00:10]} Qe5+ {[%emt 00:00:02]} 33. g3
{[%emt 00:00:25]} Qxf6 {[%clk 00:37:12]} {[%emt 00:00:51]} 34. Qxf6 {[%clk
00:29:17]} {[%emt 00:00:10]} Kg8 {[%clk 00:37:08]} {[%emt 00:00:07]} 35. Qxg7#
{[%clk 00:29:15]} {[%emt 00:00:09]} 1-0

[Event "DVM U10 2023"]
[Site "Magdeburg GER"]
[Date "2023.12.28"]
[Round "5"]
[White "Wangemann, Emanuel Njoya"]
[Black "Szymaniak, Josh"]
[Result "0-1"]
[Termination "normal"]
[Board "19.3"]
[WhiteElo "782"]
[BlackElo "775"]
[WhiteClock "00:48:51"]
[BlackClock "00:51:50"]
[WhiteTeam "fuß brothers Jena"]
[BlackTeam "SK Bremen-Nord"]
[PlyCount "50"]
[EventCountry "GER"]
[EventRounds "7"]
[EventType "team-swiss"]
[EventDate "2023.12.27"]

1. e4 {[%clk 00:55:09]} e5 {[%clk 00:55:09]} {[%emt 00:00:01]} 2. Nf3 {[%clk
00:55:09]} {[%emt 00:00:05]} Nc6 {[%clk 00:55:09]} {[%emt 00:00:06]} 3. Nc3
{[%clk 00:55:08]} {[%emt 00:00:06]} Nf6 {[%clk 00:55:05]} {[%emt 00:00:09]} 4.
Bc4 {[%clk 00:55:03]} {[%emt 00:00:09]} Nxe4 {[%emt 00:00:16]} 5. Nxe4 {[%clk
00:54:32]} {[%emt 00:00:28]} d5 {[%clk 00:55:04]} {[%emt 00:00:04]} 6. Neg5
{[%clk 00:54:01]} {[%emt 00:00:35]} dxc4 {[%clk 00:55:02]} {[%emt 00:00:07]} 7.
d3 {[%clk 00:53:32]} {[%emt 00:00:35]} cxd3 {[%clk 00:54:59]} {[%emt 00:00:08]}
8. cxd3 {[%emt 00:00:14]} Be7 {[%emt 00:00:05]} 9. O-O {[%clk 00:52:55]} {[%emt
00:00:23]} Bxg5 {[%clk 00:54:53]} {[%emt 00:00:11]} 10. Bxg5 {[%clk 00:52:48]}
{[%emt 00:00:11]} f6 {[%clk 00:54:54]} {[%emt 00:00:07]} 11. Be3 {[%clk
00:52:30]} {[%emt 00:00:21]} O-O {[%clk 00:54:53]} {[%emt 00:00:07]} 12. Bc5
{[%clk 00:52:24]} {[%emt 00:00:10]} Ne7 {[%clk 00:54:44]} {[%emt 00:00:14]} 13.
Bxe7 {[%clk 00:52:14]} {[%emt 00:00:14]} Qxe7 {[%clk 00:54:40]} {[%emt
00:00:10]} 14. d4 {[%clk 00:52:08]} {[%emt 00:00:11]} exd4 {[%clk 00:54:12]}
{[%emt 00:00:33]} 15. Qxd4 {[%clk 00:51:55]} {[%emt 00:00:16]} c5 {[%clk
00:53:39]} {[%emt 00:00:39]} 16. Qc4+ {[%clk 00:51:48]} {[%emt 00:00:12]} Be6
{[%clk 00:53:31]} {[%emt 00:00:13]} 17. Qc2 {[%clk 00:51:30]} {[%emt 00:00:11]}
b6 {[%clk 00:53:17]} {[%emt 00:00:32]} 18. Rfe1 {[%clk 00:50:50]} {[%emt
00:00:14]} Qf7 {[%clk 00:53:04]} {[%emt 00:00:48]} 19. Re2 {[%clk 00:50:40]}
{[%emt 00:00:15]} Bd5 {[%clk 00:52:31]} {[%emt 00:00:37]} 20. Qc3 {[%clk
00:50:18]} {[%emt 00:00:28]} Bxf3 {[%clk 00:52:21]} {[%emt 00:00:16]} 21. Qxf3
{[%emt 00:00:09]} Rae8 {[%emt 00:00:18]} 22. Rae1 {[%clk 00:49:23]} {[%emt
00:00:33]} Rxe2 {[%clk 00:52:20]} {[%emt 00:00:07]} 23. Rxe2 {[%clk 00:49:11]}
{[%emt 00:00:15]} Qxa2 {[%clk 00:52:13]} {[%emt 00:00:13]} 24. b4 {[%clk
00:49:05]} {[%emt 00:00:11]} Qa1+ {[%clk 00:51:50]} {[%emt 00:00:28]} 25. Re1
{[%clk 00:48:51]} {[%emt 00:00:08]} Qxe1# {[%clk 00:51:50]} 0-1

[Event "DVM U10 2023"]
[Site "Magdeburg GER"]
[Date "2023.12.28"]
[Round "5"]
[White "Tiuca, Emma"]
[Black "Börner, Martha"]
[Result "1-0"]
[Termination "normal"]
[Board "20.1"]
[WhiteElo "1148"]
[BlackElo "1146"]
[WhiteClock "00:12:24"]
[BlackClock "00:28:24"]
[WhiteTeam "SG Trier 1877"]
[BlackTeam "SV Eintracht Tangerhütte"]
[PlyCount "125"]
[WhiteFideId "4007549"]
[BlackFideId "34665382"]
[EventCountry "GER"]
[EventRounds "7"]
[EventType "team-swiss"]
[EventDate "2023.12.27"]

1. e4 {[%clk 00:55:08]} {[%emt 00:00:01]} c5 {[%clk 00:55:05]} {[%emt
00:00:06]} 2. Nf3 {[%clk 00:55:07]} {[%emt 00:00:06]} Nc6 {[%clk 00:55:05]}
{[%emt 00:00:06]} 3. g3 {[%clk 00:55:05]} {[%emt 00:00:06]} d6 {[%clk
00:54:55]} {[%emt 00:00:15]} 4. Bg2 {[%clk 00:54:58]} {[%emt 00:00:11]} Nf6
{[%clk 00:54:46]} {[%emt 00:00:14]} 5. d3 {[%clk 00:54:31]} {[%emt 00:00:33]}
g6 {[%clk 00:54:23]} {[%emt 00:00:28]} 6. Be3 {[%clk 00:54:20]} {[%emt
00:00:15]} Bg7 {[%clk 00:53:17]} {[%emt 00:01:11]} 7. Nfd2 {[%clk 00:54:15]}
{[%emt 00:00:10]} O-O {[%clk 00:53:02]} {[%emt 00:00:20]} 8. f4 {[%clk
00:54:10]} {[%emt 00:00:10]} Qb6 {[%clk 00:52:49]} {[%emt 00:00:18]} 9. Na3
{[%clk 00:53:09]} {[%emt 00:01:07]} Qxb2 {[%clk 00:51:53]} {[%emt 00:01:01]}
10. Nac4 {[%clk 00:52:58]} {[%emt 00:00:16]} Qb5 {[%clk 00:51:32]} {[%emt
00:00:24]} 11. O-O {[%clk 00:52:17]} {[%emt 00:00:48]} Bg4 {[%clk 00:51:15]}
{[%emt 00:00:21]} 12. Nf3 {[%clk 00:51:38]} {[%emt 00:00:44]} Qa6 {[%clk
00:49:39]} {[%emt 00:01:42]} 13. h3 {[%clk 00:51:15]} {[%emt 00:00:28]} Be6
{[%clk 00:49:19]} {[%emt 00:00:24]} 14. Ncd2 {[%clk 00:49:50]} {[%emt
00:01:29]} Nd7 {[%clk 00:48:20]} {[%emt 00:01:07]} 15. Nb3 {[%clk 00:48:42]}
{[%emt 00:01:13]} Bxa1 {[%clk 00:47:44]} {[%emt 00:00:41]} 16. Qxa1 {[%clk
00:48:38]} {[%emt 00:00:09]} Bxb3 {[%clk 00:47:39]} {[%emt 00:00:10]} 17. cxb3
{[%clk 00:46:40]} {[%emt 00:02:03]} Qxd3 {[%clk 00:47:16]} {[%emt 00:00:27]}
18. Re1 {[%clk 00:45:55]} {[%emt 00:00:48]} Nb4 {[%clk 00:46:51]} {[%emt
00:00:34]} 19. Qc1 {[%clk 00:41:31]} {[%emt 00:04:26]} Nc2 {[%clk 00:46:30]}
{[%emt 00:00:29]} 20. Bf2 {[%clk 00:27:35]} {[%emt 00:14:01]} Nxe1 {[%clk
00:46:01]} {[%emt 00:00:34]} 21. Qxe1 {[%clk 00:27:24]} {[%emt 00:00:15]} Rac8
{[%clk 00:44:10]} {[%emt 00:01:56]} 22. Qa1 {[%clk 00:26:49]} {[%emt 00:00:38]}
c4 {[%clk 00:43:47]} {[%emt 00:00:29]} 23. Ne1 {[%clk 00:26:22]} {[%emt
00:00:30]} Qe2 {[%clk 00:43:03]} {[%emt 00:00:48]} 24. Bd4 {[%clk 00:24:50]}
{[%emt 00:01:36]} Nf6 {[%clk 00:42:43]} {[%emt 00:00:29]} 25. Bf1 {[%clk
00:23:24]} {[%emt 00:01:26]} Qxe4 {[%clk 00:42:22]} {[%emt 00:00:29]} 26. Bg2
{[%clk 00:23:01]} {[%emt 00:00:25]} Qf5 {[%clk 00:41:47]} {[%emt 00:00:45]} 27.
Nf3 {[%clk 00:21:42]} {[%emt 00:01:24]} Qd3 {[%clk 00:40:09]} {[%emt 00:01:38]}
28. Bxf6 {[%clk 00:20:33]} {[%emt 00:01:18]} exf6 {[%clk 00:39:46]} {[%emt
00:00:28]} 29. Qxf6 {[%clk 00:20:28]} {[%emt 00:00:09]} Qd1+ {[%clk 00:39:29]}
{[%emt 00:00:22]} 30. Kh2 {[%clk 00:20:20]} {[%emt 00:00:11]} cxb3 {[%clk
00:39:11]} {[%emt 00:00:28]} 31. axb3 {[%emt 00:00:07]} Rc2 {[%emt 00:00:19]}
32. Nd4 {[%clk 00:19:23]} {[%emt 00:00:35]} Qd2 {[%clk 00:38:52]} {[%emt
00:00:23]} 33. Nxc2 {[%clk 00:19:10]} {[%emt 00:00:18]} Qxc2 {[%clk 00:38:42]}
{[%emt 00:00:16]} 34. Qxd6 {[%clk 00:19:06]} {[%emt 00:00:09]} Qe2 {[%clk
00:38:25]} {[%emt 00:00:21]} 35. Qd7 {[%clk 00:18:30]} {[%emt 00:00:39]} b6
{[%clk 00:38:00]} {[%emt 00:00:33]} 36. Qxa7 {[%clk 00:18:18]} {[%emt
00:00:17]} Rc8 {[%clk 00:37:54]} {[%emt 00:00:10]} 37. Qxb6 {[%clk 00:17:59]}
{[%emt 00:00:24]} Rc2 {[%clk 00:37:45]} {[%emt 00:00:15]} 38. Qb7 {[%clk
00:17:32]} {[%emt 00:00:30]} Qf2 {[%clk 00:37:02]} {[%emt 00:00:50]} 39. h4
{[%clk 00:17:01]} {[%emt 00:00:35]} Rc3 {[%clk 00:36:52]} {[%emt 00:00:16]} 40.
Qb8+ {[%clk 00:16:36]} {[%emt 00:00:30]} Kg7 {[%clk 00:36:44]} {[%emt
00:00:13]} 41. Qe5+ {[%clk 00:16:31]} {[%emt 00:00:08]} f6 {[%clk 00:36:16]}
{[%emt 00:00:34]} 42. Qxc3 {[%clk 00:16:26]} {[%emt 00:00:10]} Qa2 {[%clk
00:35:19]} {[%emt 00:01:03]} 43. b4 {[%clk 00:16:17]} {[%emt 00:00:15]} Qb1
{[%clk 00:34:45]} {[%emt 00:00:36]} 44. Qc5 {[%clk 00:15:51]} {[%emt 00:00:28]}
Kf7 {[%clk 00:32:03]} {[%emt 00:02:50]} 45. b5 {[%clk 00:15:42]} {[%emt
00:00:16]} Ke8 {[%clk 00:31:37]} {[%emt 00:00:29]} 46. Qc3 {[%clk 00:15:16]}
{[%emt 00:00:27]} f5 {[%clk 00:31:08]} {[%emt 00:00:41]} 47. Qc6+ {[%clk
00:15:07]} {[%emt 00:00:12]} Kd8 {[%clk 00:30:58]} {[%emt 00:00:15]} 48. b6
{[%clk 00:15:02]} {[%emt 00:00:11]} Qb2 {[%clk 00:30:27]} {[%emt 00:00:36]} 49.
b7 {[%clk 00:14:54]} {[%emt 00:00:14]} Qb4 {[%clk 00:29:45]} {[%emt 00:00:47]}
50. Qc8+ {[%clk 00:14:34]} {[%emt 00:00:23]} Ke7 {[%clk 00:29:41]} {[%emt
00:00:10]} 51. b8=Q {[%emt 00:00:15]} Qxb8 {[%emt 00:00:10]} 52. Qxb8 {[%clk
00:14:06]} {[%emt 00:00:07]} Kd7 {[%clk 00:29:40]} {[%emt 00:00:08]} 53. Qf8
{[%clk 00:13:52]} {[%emt 00:00:14]} Ke6 {[%clk 00:29:32]} {[%emt 00:00:18]} 54.
Bh3 {[%clk 00:13:29]} {[%emt 00:00:27]} Kd5 {[%clk 00:29:26]} {[%emt 00:00:13]}
55. Qe7 {[%clk 00:13:26]} {[%emt 00:00:07]} Kc6 {[%clk 00:29:21]} {[%emt
00:00:10]} 56. Qd8 {[%clk 00:13:15]} {[%emt 00:00:07]} Kc5 {[%clk 00:29:12]}
{[%emt 00:00:21]} 57. Qd7 {[%clk 00:13:12]} {[%emt 00:00:08]} Kc4 {[%clk
00:29:07]} {[%emt 00:00:11]} 58. Qd6 {[%clk 00:13:09]} {[%emt 00:00:06]} Kb5
{[%clk 00:28:57]} {[%emt 00:00:16]} 59. Qc7 {[%clk 00:13:03]} {[%emt 00:00:10]}
Ka6 {[%clk 00:28:54]} {[%emt 00:00:10]} 60. Qb8 {[%clk 00:12:57]} {[%emt
00:00:11]} Ka5 {[%clk 00:28:43]} {[%emt 00:00:15]} 61. Bf1 {[%clk 00:12:47]}
{[%emt 00:00:13]} Ka4 {[%clk 00:28:28]} {[%emt 00:00:22]} 62. Bc4 {[%clk
00:12:37]} {[%emt 00:01:03]} Ka5 {[%clk 00:28:24]} {[%emt 00:00:10]} 63. Qb5#
{[%clk 00:12:24]} {[%emt 00:00:17]} 1-0

[Event "DVM U10 2023"]
[Site "Magdeburg GER"]
[Date "2023.12.29"]
[Round "6"]
[White "Shen, Tingrui"]
[Black "Sutharjan, Dakxwin"]
[Result "1-0"]
[Termination "normal"]
[Board "1.1"]
[WhiteElo "1884"]
[BlackElo "1658"]
[WhiteClock "00:04:17"]
[BlackClock "00:12:06"]
[WhiteTeam "TV Tegernsee"]
[BlackTeam "SF Brackel 1930"]
[PlyCount "127"]
[WhiteFideId "34603441"]
[BlackFideId "34606548"]
[EventCountry "GER"]
[EventRounds "7"]
[EventType "team-swiss"]
[EventDate "2023.12.27"]

1. Nf3 {[%clk 00:55:01]} {[%emt 00:00:08]} d5 {[%clk 00:54:56]} {[%emt
00:00:14]} 2. g3 {[%clk 00:54:55]} {[%emt 00:00:13]} c5 {[%clk 00:54:42]}
{[%emt 00:00:20]} 3. Bg2 {[%clk 00:54:38]} {[%emt 00:00:21]} Nc6 {[%clk
00:54:39]} {[%emt 00:00:08]} 4. d4 {[%clk 00:54:31]} {[%emt 00:00:12]} e6
{[%clk 00:54:16]} {[%emt 00:00:28]} 5. O-O {[%clk 00:54:17]} {[%emt 00:00:18]}
Nf6 {[%clk 00:53:50]} {[%emt 00:00:31]} 6. c4 {[%clk 00:53:52]} {[%emt
00:00:31]} dxc4 {[%clk 00:52:06]} {[%emt 00:01:49]} 7. dxc5 {[%clk 00:53:11]}
{[%emt 00:00:45]} Qxd1 {[%clk 00:51:52]} {[%emt 00:00:20]} 8. Rxd1 {[%clk
00:53:10]} {[%emt 00:00:06]} Bxc5 {[%clk 00:51:44]} {[%emt 00:00:13]} 9. Nbd2
{[%clk 00:52:53]} {[%emt 00:00:22]} c3 {[%clk 00:48:56]} {[%emt 00:02:54]} 10.
bxc3 {[%clk 00:52:45]} {[%emt 00:00:12]} O-O {[%clk 00:48:28]} {[%emt
00:00:31]} 11. Nb3 {[%clk 00:52:14]} {[%emt 00:00:38]} Bb6 {[%clk 00:46:06]}
{[%emt 00:02:27]} 12. c4 {[%clk 00:49:40]} {[%emt 00:02:39]} e5 {[%clk
00:45:48]} {[%emt 00:00:23]} 13. Ba3 {[%clk 00:46:51]} {[%emt 00:02:54]} Re8
{[%clk 00:45:34]} {[%emt 00:00:20]} 14. e3 {[%clk 00:41:37]} {[%emt 00:05:18]}
Bg4 {[%clk 00:43:02]} {[%emt 00:02:35]} 15. h3 {[%clk 00:41:04]} {[%emt
00:00:39]} Bh5 {[%clk 00:41:52]} {[%emt 00:01:14]} 16. g4 {[%clk 00:40:30]}
{[%emt 00:00:41]} Bg6 {[%clk 00:41:00]} {[%emt 00:00:56]} 17. Nfd2 {[%clk
00:39:34]} {[%emt 00:01:02]} e4 {[%clk 00:40:43]} {[%emt 00:00:22]} 18. c5
{[%clk 00:37:34]} {[%emt 00:02:05]} Bc7 {[%clk 00:40:38]} {[%emt 00:00:09]} 19.
Nc4 {[%clk 00:36:53]} {[%emt 00:00:46]} Ne5 {[%clk 00:37:38]} {[%emt 00:03:41]}
20. Nxe5 {[%clk 00:35:21]} {[%emt 00:01:37]} Bxe5 {[%clk 00:37:27]} {[%emt
00:00:17]} 21. Nd4 {[%clk 00:32:44]} {[%emt 00:02:42]} Rac8 {[%clk 00:30:20]}
{[%emt 00:07:11]} 22. Rab1 {[%clk 00:32:11]} {[%emt 00:00:39]} b6 {[%emt
00:02:59]} 23. cxb6 {[%clk 00:29:53]} {[%emt 00:02:22]} axb6 {[%clk 00:27:25]}
{[%emt 00:00:07]} 24. Rxb6 {[%clk 00:29:21]} {[%emt 00:00:37]} Nd5 {[%clk
00:27:16]} {[%emt 00:00:13]} 25. Rc6 {[%clk 00:24:42]} {[%emt 00:04:44]} Nc3
{[%clk 00:26:45]} {[%emt 00:00:37]} 26. Rxc8 {[%clk 00:21:23]} {[%emt
00:03:24]} Rxc8 {[%clk 00:26:33]} {[%emt 00:00:17]} 27. Nc6 {[%clk 00:19:48]}
{[%emt 00:01:40]} Bf6 {[%clk 00:24:04]} {[%emt 00:02:34]} 28. Rd6 {[%clk
00:19:26]} {[%emt 00:00:26]} Nb5 {[%clk 00:23:55]} {[%emt 00:00:14]} 29. Rxf6
{[%clk 00:18:53]} {[%emt 00:00:38]} Ra8 {[%clk 00:20:23]} {[%emt 00:03:38]} 30.
Ne7+ {[%clk 00:14:34]} {[%emt 00:04:24]} Kh8 {[%clk 00:20:13]} {[%emt
00:00:15]} 31. Nxg6+ {[%emt 00:00:38]} hxg6 {[%clk 00:20:14]} {[%emt 00:00:03]}
32. Rxf7 {[%clk 00:13:43]} {[%emt 00:00:23]} Rxa3 {[%clk 00:20:15]} {[%emt
00:00:05]} 33. Bxe4 {[%clk 00:13:21]} {[%emt 00:00:27]} Kh7 {[%clk 00:20:04]}
{[%emt 00:00:16]} 34. Re7 {[%clk 00:09:31]} {[%emt 00:03:54]} Nc3 {[%clk
00:19:25]} {[%emt 00:00:45]} 35. Re6 {[%clk 00:08:40]} {[%emt 00:00:55]} Nxe4
{[%clk 00:19:10]} {[%emt 00:00:20]} 36. Rxe4 {[%clk 00:08:33]} {[%emt
00:00:13]} Rxa2 {[%clk 00:19:00]} {[%emt 00:00:15]} 37. Kg2 {[%clk 00:08:31]}
{[%emt 00:00:06]} Ra1 {[%clk 00:18:54]} {[%emt 00:00:11]} 38. Rc4 {[%clk
00:08:20]} {[%emt 00:00:17]} Kg8 {[%clk 00:18:23]} {[%emt 00:00:36]} 39. Kg3
{[%clk 00:08:11]} {[%emt 00:00:13]} Rg1+ {[%clk 00:18:23]} {[%emt 00:00:05]}
40. Kf4 {[%clk 00:08:04]} {[%emt 00:00:13]} Rh1 {[%clk 00:18:12]} {[%emt
00:00:15]} 41. Kg5 {[%clk 00:07:18]} {[%emt 00:00:51]} Kh7 {[%clk 00:17:54]}
{[%emt 00:00:23]} 42. h4 {[%clk 00:07:11]} {[%emt 00:00:12]} Ra1 {[%clk
00:17:19]} {[%emt 00:00:41]} 43. Rc5 {[%clk 00:06:49]} {[%emt 00:00:27]} Ra4
{[%clk 00:16:54]} {[%emt 00:00:29]} 44. f4 {[%clk 00:06:45]} {[%emt 00:00:09]}
Ra6 {[%clk 00:16:27]} {[%emt 00:00:32]} 45. e4 {[%clk 00:06:40]} {[%emt
00:00:10]} Rb6 {[%clk 00:16:20]} {[%emt 00:00:13]} 46. e5 {[%clk 00:06:36]}
{[%emt 00:00:09]} Ra6 {[%clk 00:15:37]} {[%emt 00:00:49]} 47. f5 {[%clk
00:06:30]} {[%emt 00:00:10]} gxf5 {[%clk 00:15:30]} {[%emt 00:00:12]} 48. gxf5
{[%clk 00:06:21]} {[%emt 00:00:14]} Ra1 {[%clk 00:14:29]} {[%emt 00:01:05]} 49.
e6 {[%clk 00:05:58]} {[%emt 00:00:29]} Re1 {[%clk 00:14:27]} {[%emt 00:00:07]}
50. Kf4 {[%clk 00:05:43]} {[%emt 00:00:19]} Kh6 {[%clk 00:14:18]} {[%emt
00:00:14]} 51. Re5 {[%clk 00:05:34]} {[%emt 00:00:15]} Rf1+ {[%clk 00:14:13]}
{[%emt 00:00:09]} 52. Ke3 {[%clk 00:05:13]} {[%emt 00:00:26]} Re1+ {[%clk
00:13:53]} {[%emt 00:00:26]} 53. Kd4 {[%clk 00:05:07]} {[%emt 00:00:10]} Rd1+
{[%clk 00:13:52]} {[%emt 00:00:06]} 54. Kc5 {[%clk 00:05:03]} {[%emt 00:00:09]}
Rc1+ {[%clk 00:13:51]} {[%emt 00:00:06]} 55. Kd6 {[%clk 00:05:01]} {[%emt
00:00:08]} Ra1 {[%clk 00:13:34]} {[%emt 00:00:22]} 56. e7 {[%clk 00:04:44]}
{[%emt 00:00:21]} Ra6+ {[%clk 00:13:29]} {[%emt 00:00:11]} 57. Kc7 {[%clk
00:04:42]} {[%emt 00:00:07]} Ra7+ {[%clk 00:13:02]} {[%emt 00:00:33]} 58. Kb6
{[%clk 00:04:32]} {[%emt 00:00:14]} Ra8 {[%clk 00:12:54]} {[%emt 00:00:13]} 59.
e8=Q {[%clk 00:04:27]} {[%emt 00:00:10]} Rxe8 {[%clk 00:12:53]} {[%emt
00:00:06]} 60. Rxe8 {[%clk 00:04:18]} {[%emt 00:00:14]} Kh5 {[%clk 00:12:53]}
{[%emt 00:00:05]} 61. Rg8 {[%clk 00:04:19]} {[%emt 00:00:04]} g5 {[%clk
00:12:12]} {[%emt 00:00:46]} 62. Rxg5+ {[%clk 00:04:17]} {[%emt 00:00:07]} Kh6
{[%clk 00:12:11]} {[%emt 00:00:06]} 63. f6 {[%clk 00:04:17]} {[%emt 00:00:05]}
Kh7 {[%clk 00:12:06]} {[%emt 00:00:10]} 64. f7 {[%emt 00:00:25]} 1-0

[Event "DVM U10 2023"]
[Site "Magdeburg GER"]
[Date "2023.12.29"]
[Round "6"]
[White "Hagn, Tobias"]
[Black "Hendler, Maximilian"]
[Result "1-0"]
[Termination "normal"]
[Board "1.3"]
[WhiteElo "1385"]
[BlackElo "1290"]
[WhiteClock "00:24:07"]
[BlackClock "00:17:26"]
[WhiteTeam "TV Tegernsee"]
[BlackTeam "SF Brackel 1930"]
[PlyCount "35"]
[WhiteFideId "34623728"]
[BlackFideId "34616500"]
[EventCountry "GER"]
[EventRounds "7"]
[EventType "team-swiss"]
[EventDate "2023.12.27"]

1. e4 {[%clk 00:55:07]} {[%emt 00:00:01]} c5 {[%clk 00:55:04]} {[%emt
00:00:07]} 2. Nf3 {[%clk 00:55:04]} {[%emt 00:00:09]} d6 {[%clk 00:54:59]}
{[%emt 00:00:10]} 3. d4 {[%clk 00:54:49]} {[%emt 00:00:19]} cxd4 {[%clk
00:54:54]} {[%emt 00:00:11]} 4. Nxd4 {[%clk 00:54:44]} {[%emt 00:00:09]} Nf6
{[%clk 00:54:48]} {[%emt 00:00:11]} 5. Nc3 {[%clk 00:54:24]} {[%emt 00:00:26]}
g6 {[%clk 00:54:46]} {[%emt 00:00:07]} 6. Be2 {[%clk 00:53:29]} {[%emt
00:01:00]} Bg7 {[%clk 00:54:05]} {[%emt 00:00:45]} 7. Be3 {[%clk 00:52:45]}
{[%emt 00:00:50]} O-O {[%clk 00:53:50]} {[%emt 00:00:20]} 8. Qd2 {[%clk
00:50:38]} {[%emt 00:02:12]} Nc6 {[%clk 00:53:38]} {[%emt 00:00:17]} 9. h3
{[%clk 00:45:58]} {[%emt 00:04:44]} a6 {[%clk 00:50:16]} {[%emt 00:03:27]} 10.
O-O {[%clk 00:38:28]} {[%emt 00:07:35]} Qc7 {[%clk 00:39:31]} {[%emt 00:10:50]}
11. f4 {[%clk 00:36:00]} {[%emt 00:02:32]} Rd8 {[%clk 00:30:56]} {[%emt
00:08:41]} 12. f5 {[%clk 00:33:05]} {[%emt 00:03:01]} b5 {[%clk 00:28:38]}
{[%emt 00:02:23]} 13. fxg6 {[%clk 00:31:17]} {[%emt 00:01:53]} fxg6 {[%clk
00:28:22]} {[%emt 00:00:21]} 14. Nxc6 {[%clk 00:26:45]} {[%emt 00:04:37]} Qxc6
{[%clk 00:27:21]} {[%emt 00:01:05]} 15. e5 {[%clk 00:26:42]} {[%emt 00:00:09]}
Bb7 {[%clk 00:19:42]} {[%emt 00:07:43]} 16. Bf3 {[%clk 00:26:09]} {[%emt
00:00:38]} dxe5 {[%clk 00:18:05]} {[%emt 00:01:43]} 17. Bxc6 {[%clk 00:24:05]}
{[%emt 00:02:09]} Rxd2 {[%clk 00:17:26]} {[%emt 00:00:43]} 18. Bxb7 {[%clk
00:24:07]} {[%emt 00:00:04]} 1-0